[Event "CRO-chT"]
[Site "Pula"]
[Date "1999.09.10"]
[Round "2"]
[White "Kozul, Zdenko"]
[Black "Movsesian, Sergei"]
[Result "1/2-1/2"]
[WhiteElo "2612"]
[BlackElo "2659"]

1.d4 Nf6 2.c4 g6 3.Nc3 Bg7 4.e4 d6 5.Nf3 O-O 6.Be2 e5 7.O-O Na6 8.Re1 Qe8
9.Bf1 Bg4 10.d5 Nb4 11.Be2 a5 12.Be3 b6 13.Nb5 Na6 14.Nd2 Bd7 15.a3 Bxb5
16.cxb5 Nc5 17.Qc2 a4 18.Bxc5 bxc5 19.Nb1 Nd7 20.Nc3 Nb6 21.b3 axb3 22.Qxb3 Ra5
23.a4 Qe7 24.Ra2 Rfa8 25.Bd1 h5 26.Qb1 Bh6 27.Qd3 Kg7 28.g3 h4 29.Kh1 Rh8
30.Rf1 Qd7 31.Qe2 Qh3 32.Rg1 Bg5 33.Qe1 Nc4 34.Bf3 Bf4 35.Rg2 hxg3 36.fxg3 Ne3
37.Rg1 Bg5 38.Qe2 f5 39.Nd1 Nxd1 40.Rxd1 Qxg3 41.Rg1 Qf4 42.Qg2 Rxh2+ 43.Qxh2 Qxf3+
44.Qg2 Qh5+ 45.Qh2 Qf3+ 46.Qg2 Qh5+ 47.Qh2 Qf3+  1/2-1/2

[Event "CRO-chT"]
[Site "Pula"]
[Date "1999.09.10"]
[Round "2"]
[White "Radocaj, Denis"]
[Black "Jovanovic, Zoran2"]
[Result "1/2-1/2"]
[WhiteElo "2375"]
[BlackElo "2310"]

1.d4 Nf6 2.c4 g6 3.Nc3 Bg7 4.e4 d6 5.Nf3 O-O 6.Be2 e5 7.Be3 exd4 8.Nxd4 Re8
9.f3 Nc6 10.O-O Nh5 11.Nc2 f5 12.Qd2 Nf6 13.Bg5 Qe7 14.Rae1 Qf7 15.exf5 Bxf5
16.Ne3 Be6 17.f4 Ne7 18.Bd3 c6  1/2-1/2

[Event "Artek olJ"]
[Site "Artek"]
[Date "1999.09.11"]
[Round "2"]
[White "Korotkjevich, S."]
[Black "Jianu, Vlad"]
[Result "1/2-1/2"]
[WhiteElo "2264"]
[BlackElo "2194"]

1.d4 Nf6 2.Nf3 g6 3.c4 Bg7 4.Nc3 O-O 5.e4 d6 6.Be2 e5 7.d5 Nbd7 8.O-O Nc5
9.Qc2 a5 10.Bg5 h6 11.Be3 Nh5 12.g3 Bd7 13.Nd2 Nf6 14.f3 h5 15.b3 Nh7 16.a3 Bh3
17.Rfc1 f5 18.exf5 gxf5 19.b4 Nd7 20.c5 h4 21.Bf2 Qg5 22.Nc4 dxc5 23.bxc5 e4
24.f4 Qg6 25.Bf1 Bxf1 26.Rxf1 hxg3 27.hxg3 Nxc5 28.Bxc5 Qxg3+ 29.Qg2 Qxc3
30.Rac1 Qb3 31.Bxf8 Rxf8 32.Ne5 Nf6 33.Kh2 Ng4+ 34.Nxg4 fxg4 35.Qxg4 Rf6
36.Rxc7 Rh6+ 37.Kg2 Qb2+ 38.Rf2 Qa1 39.Rxg7+ Qxg7 40.Qxg7+ Kxg7 41.Rb2 b6
42.Kg3 Rg6+ 43.Kf2 Rd6 44.Rb5 Rh6 45.Ke3 Rh3+ 46.Kxe4 Rxa3 47.Rxb6 Kf7 48.Ra6 Ra1
49.Ke5 a4 50.Ra7+ Ke8 51.Ke6 Re1+ 52.Kd6 Ra1 53.Ke6 Re1+ 54.Kf6 Ra1 55.d6 a3
56.Ke5 a2 57.d7+ Ke7 58.Kf5 Kd8 59.Kf6 Rf1  1/2-1/2

[Event "Albacete m"]
[Site "Albacete"]
[Date "1999.09.12"]
[Round "5"]
[White "Illescas Cordoba, Miguel"]
[Black "Herraiz, Herminio"]
[Result "1-0"]
[WhiteElo "2600"]
[BlackElo "2417"]

1.d4 Nf6 2.Nf3 g6 3.c4 Bg7 4.Nc3 O-O 5.e4 d6 6.Be2 e5 7.O-O Na6 8.Re1 c6
9.d5 c5 10.Bg5 h6 11.Bd2 Kh7 12.g3 Ng8 13.Nh4 Bf6 14.Ng2 Bh3 15.a3 Qe7 16.Ne3 Bg5
17.Bd3 Nf6 18.f4 exf4 19.gxf4 Bh4 20.Qf3 Bxe1 21.Bxe1 Nh5 22.Qxh3 Nxf4 23.Qf1 Qg5+
24.Kh1 f5 25.exf5 gxf5  1-0

[Event "Artek olJ"]
[Site "Artek"]
[Date "1999.09.12"]
[Round "3"]
[White "Mista, Aleksander"]
[Black "Shavtvaladze, Nikoloz"]
[Result "1-0"]
[WhiteElo "2269"]
[BlackElo "2289"]

1.d4 Nf6 2.c4 g6 3.Nc3 Bg7 4.e4 d6 5.Nf3 O-O 6.Be2 e5 7.dxe5 dxe5 8.Qxd8 Rxd8
9.Bg5 Re8 10.h3 c6 11.O-O-O Nbd7 12.Nd2 Nc5 13.Be3 Ne6 14.Nb3 Nd7 15.Kc2 f5
16.f3 f4 17.Bf2 Nf6 18.c5 Bd7 19.Na5 b6 20.cxb6 axb6 21.Nc4 Nd4+ 22.Bxd4 exd4
23.Nxb6 dxc3 24.Nxa8 Rxa8 25.Bc4+ Kf8 26.bxc3 Ke7 27.Rd2 Be6 28.Bxe6 Kxe6
29.Ra1 Nd7 30.a4 Ra5 31.Rdd1 Nc5 32.Rd8 Rxa4 33.Rxa4 Nxa4 34.c4 Nb6 35.Kb3 Nd7
36.Rc8 c5 37.Rc6+ Ke7 38.Ka4 Bd4 39.Kb5 Ne5 40.Ra6 Kf7 41.h4 Kg7 42.Ra7+ Kh6
43.Re7 Nd3 44.Kc6 Bf6 45.Re6 Kg7 46.Kd5 Bxh4 47.e5 Kf7  1-0

[Event "POR-ch"]
[Site "Lisbon"]
[Date "1999.09.12"]
[Round "5"]
[White "Pinheiro, Jose"]
[Black "Santos, Antonio P"]
[Result "1/2-1/2"]
[WhiteElo "2269"]
[BlackElo "2263"]

1.c4 Nf6 2.Nc3 g6 3.e4 d6 4.d4 Bg7 5.Nf3 O-O 6.Be2 e5 7.d5 a5 8.Bg5 h6 9.Bh4 Qe8
10.Nd2 Nh7 11.O-O h5 12.f3 Bh6 13.Bf2 Na6 14.a3 a4 15.b4 axb3 16.Nxb3 b6
17.a4 Nc5 18.Nxc5 bxc5 19.a5 f5 20.Bd3 f4 21.Nb5 Qe7 22.h4 Kh8 23.Re1 Rg8
24.Kf1 g5 25.hxg5 Qxg5 26.Ke2 Qxg2 27.Rg1 Qh3 28.Rxg8+ Kxg8 29.Kd2 Ng5 30.Nxc7 Nxf3+
31.Kc3 Ra7 32.Nb5 Ra6 33.Nc7 Ng5 34.Qe1 Ra7 35.Nb5 Ra8 36.Nxd6 Bg4 37.a6 Bf3
38.Qg1 Be2 39.Qb1 Bf8 40.Bxc5 Bxd6 41.Bxd6 Nxe4+ 42.Kb4 Nxd6 43.Qg1+ Bg4
44.Ra3 e4 45.Qb6 Qe3 46.Qxd6 exd3 47.Qg6+ Kf8 48.Qf6+ Kg8 49.Qg6+ Kf8 50.Qf6+ Kg8  1/2-1/2

[Event "CRO-chT"]
[Site "Pula"]
[Date "1999.09.12"]
[Round "4"]
[White "Bilobrk, Franjo"]
[Black "Jusic, Zdenko"]
[Result "1-0"]
[WhiteElo "2369"]
[BlackElo "2387"]

1.d4 Nf6 2.c4 g6 3.Nc3 Bg7 4.Nf3 O-O 5.e4 d6 6.Be2 e5 7.O-O exd4 8.Nxd4 Re8
9.f3 c6 10.Kh1 Nbd7 11.Bg5 Qb6 12.Nb3 a5 13.Na4 Qb4 14.Nd4 d5 15.a3 Qe7 16.cxd5 cxd5
17.exd5 Qe5 18.f4 Qxd5 19.Nb5 Qxd1 20.Bxd1 Rb8 21.Bb3 b6 22.Nd6 Rf8 23.f5 Ba6
24.fxg6 Bxf1 25.Rxf1 b5 26.Nc3 b4 27.axb4 Rxb4 28.Be6 Rxb2 29.Ne8 Rb6 30.Nc7  1-0

[Event "CRO-chT"]
[Site "Pula"]
[Date "1999.09.12"]
[Round "4"]
[White "Tukmakov, Vladimir B"]
[Black "Kozul, Zdenko"]
[Result "1/2-1/2"]
[WhiteElo "2557"]
[BlackElo "2612"]

1.d4 Nf6 2.c4 g6 3.Nc3 Bg7 4.e4 d6 5.Nf3 O-O 6.Be2 e5 7.O-O c6 8.Re1 exd4
9.Nxd4 Re8 10.Bf1 Ng4 11.h3 Qb6 12.hxg4 Qxd4 13.g5 Qxd1 14.Rxd1 Be5 15.Be3 Nd7
16.Rac1 Nc5 17.b4 Ne6 18.Ne2 a5 19.b5 a4 20.bxc6 bxc6 21.f4 Bb2 22.Rb1 Ba3
23.Rd3 Bc5 24.Bxc5 Nxc5 25.Rxd6 Nxe4 26.Rxc6 Bg4 27.Rc1 Rad8 28.Kh2 Rd2 29.Ng3 Nxg3
30.Kxg3 Bf5 31.c5 Rxa2 32.Ra6 Rc2  1/2-1/2

[Event "Budapest FS09 IM-A"]
[Site "Budapest"]
[Date "1999.09.13"]
[Round "10"]
[White "Husari, Sate"]
[Black "Johnsen, Sverre"]
[Result "1-0"]
[WhiteElo "2307"]
[BlackElo "2211"]

1.d4 d6 2.Nf3 Nf6 3.c4 g6 4.Nc3 Bg7 5.e4 O-O 6.Be2 Qe8 7.O-O e5 8.dxe5 dxe5
9.Be3 Na6 10.Nd2 c6 11.a3 Qe7 12.b4 Rd8 13.h3 Nc7 14.Qb1 Ne6 15.Rd1 Nd4 16.Bf1 Ne8
17.Nb3 Nc7 18.Ra2 Nce6 19.Rad2 b6 20.Ne2 Nxe2+ 21.Bxe2 Ba6 22.g3 Rxd2 23.Rxd2 Rd8
24.Qd1 Rxd2 25.Qxd2 Nd4 26.Nxd4 exd4 27.Bxd4 Qxe4 28.Be3 h6 29.Qd8+ Kh7 30.Qd3 Qe6
31.Kh2 Bc8 32.Bf1 Bf8 33.c5 bxc5 34.bxc5 Be7 35.Bg2 Bd7 36.Qa6 h5 37.h4 Qe5
38.Qxa7 Bg4 39.Qb7 Kg7 40.Qxc6 Bxh4 41.Bf4 Qf6 42.Qc7  1-0

[Event "CRO-chT"]
[Site "Pula"]
[Date "1999.09.14"]
[Round "5"]
[White "Franic, Milan"]
[Black "Zelenika, Srdjan"]
[Result "1-0"]
[WhiteElo "2422"]
[BlackElo "2286"]

1.d4 Nf6 2.c4 g6 3.Nc3 Bg7 4.e4 d6 5.Be2 O-O 6.Nf3 e5 7.O-O Na6 8.Re1 Qe8
9.Bf1 Bg4 10.d5 Nb4 11.Be2 a5 12.Nh4 Bd7 13.g3 h5 14.Rb1 Na6 15.f3 Nh7 16.Be3 Qe7
17.Qd2 Bf6 18.Ng2 Bg5 19.f4 exf4 20.gxf4 Bh6 21.Bf2 Rae8 22.Kh1 b6 23.Bd3 Bh3
24.Rg1 Nc5 25.Bc2 Nf6 26.Rbe1 Ng4 27.Bd4 Ne5 28.Qe3 Bg4 29.h3 Nxc4 30.Qg3 Bd7
31.b3 Na3 32.Bd1 Kh7 33.e5 Nb5 34.Nxb5 Bxb5 35.Bc2 dxe5 36.Rxe5 Qd7 37.Rxh5 Ne4
38.Rxh6+ Kxh6 39.Qh4+  1-0

[Event "CRO-chT"]
[Site "Pula"]
[Date "1999.09.15"]
[Round "6"]
[White "Radocaj, Denis"]
[Black "Muhvic, Damir"]
[Result "1/2-1/2"]
[WhiteElo "2375"]
[BlackElo "2238"]

1.d4 Nf6 2.c4 g6 3.Nc3 Bg7 4.e4 d6 5.Nf3 O-O 6.Be2 e5 7.Be3 c6 8.d5 Na6 9.Nd2 Qe7
10.O-O c5 11.a3 Ne8 12.Kh1 f5 13.exf5 gxf5 14.f4 Bd7  1/2-1/2

[Event "CRO-chT"]
[Site "Pula"]
[Date "1999.09.17"]
[Round "8"]
[White "Radocaj, Denis"]
[Black "Rezan, Sasa"]
[Result "1/2-1/2"]
[WhiteElo "2375"]
[BlackElo "2248"]

1.d4 Nf6 2.c4 g6 3.Nc3 Bg7 4.e4 d6 5.Nf3 O-O 6.Be2 e5 7.Be3 exd4 8.Nxd4 Re8
9.f3 c6 10.Bf2 d5 11.exd5 cxd5 12.O-O Nc6 13.c5 Nh5 14.Qd2 Be5 15.g3 Bh3
16.Rfd1 a6  1/2-1/2

[Event "Artek olJ"]
[Site "Artek"]
[Date "1999.09.19"]
[Round "8"]
[White "Korotkjevich, S."]
[Black "Luo Wei"]
[Result "1-0"]
[WhiteElo "2264"]
[BlackElo "2169"]

1.d4 Nf6 2.Nf3 g6 3.c4 Bg7 4.Nc3 O-O 5.e4 d6 6.Be2 e5 7.d5 a5 8.Bg5 h6 9.Bh4 Qe8
10.Nd2 Na6 11.O-O Bd7 12.b3 Nh7 13.a3 g5 14.Bg3 f5 15.exf5 e4 16.Ndxe4 Bxf5
17.Bg4 Bxg4 18.Qxg4 h5 19.Qd1 h4 20.Bxd6 cxd6 21.Nxd6 Qg6 22.Ndb5 Rad8 23.Rc1 Bxc3
24.Rxc3 Nf6 25.Re3 Rfe8 26.Qd4 Nh5 27.Rfe1 Rf8 28.Re7 Nf4 29.d6 Nb8 30.c5 Nc6
31.Qc4+ Kh8 32.Nc7 Qf5 33.Qc3+ Rf6 34.f3 Rf8 35.Ne8 Nxe7 36.Nxf6  1-0

[Event "Wch U20"]
[Site "Yerevan"]
[Date "1999.09.19"]
[Round "2"]
[White "Halkias, Stelios"]
[Black "Kasimdzhanov, Rustam"]
[Result "1/2-1/2"]
[WhiteElo "2406"]
[BlackElo "2603"]

1.d4 Nf6 2.c4 g6 3.Nc3 Bg7 4.e4 d6 5.Nf3 O-O 6.Be2 e5 7.Be3 Ng4 8.Bg5 f6
9.Bh4 g5 10.Bg3 Nh6 11.c5 g4 12.Nh4 Nc6 13.cxd6 cxd6 14.dxe5 dxe5 15.O-O Be6
16.Qa4 Qd4 17.Qa3 Rfc8 18.Bb5 Bf8 19.Qa4 Qxa4 20.Bxa4 Nd4 21.f4 Bc4 22.Rfe1 Bc5
23.Kh1 b5 24.Bd1 Bd6  1/2-1/2

[Event "Wch U20"]
[Site "Yerevan"]
[Date "1999.09.19"]
[Round "2"]
[White "Chibukhchian, Artur"]
[Black "Bognar, Csaba"]
[Result "1-0"]
[WhiteElo "2413"]
[BlackElo "2237"]

1.d4 Nf6 2.c4 g6 3.Nc3 Bg7 4.Nf3 d6 5.e4 O-O 6.Be2 Nbd7 7.O-O e5 8.Qc2 c6
9.Rd1 Qe7 10.Rb1 a5 11.b3 exd4 12.Nxd4 Nc5 13.f3 Ne8 14.a3 Ne6 15.Nxe6 fxe6
16.Be3 Be5 17.g3 Nc7 18.Na4 c5 19.Qd2 Ra6 20.f4 Bd4 21.Bxd4 cxd4 22.Qxd4 e5
23.fxe5 dxe5 24.Qc5 Qg5 25.Rf1 Raf6 26.Rxf6 Rxf6 27.Rf1 Rxf1+ 28.Bxf1 Qc1
29.Qxe5 Qe3+ 30.Kg2 Qd2+ 31.Kg1 Qe3+ 32.Kg2 Qd2+ 33.Kf3 h5 34.h3 Qd1+ 35.Kf2 Qd2+
36.Be2 Bxh3 37.Nc3 Bg4 38.Qf6 Kh7 39.Qf7+ Kh8 40.Qf6+ Kh7 41.Qe7+ Kh6 42.Qf8+ Kh7
43.Qf7+ Kh8 44.Qxc7 Qd4+ 45.Kg2 Qxc3 46.Qb8+ Kh7 47.Qxb7+ Kh6 48.Bxg4 hxg4
49.Qf7 Qc2+ 50.Qf2 Qxb3 51.c5 Qxa3 52.Qc2 Qf3+ 53.Kh2 Qf7 54.c6 Qc7 55.Qb2 g5
56.Qh8+ Kg6 57.Qe8+ Kh6 58.Qe6+  1-0

[Event "Wch U20"]
[Site "Yerevan"]
[Date "1999.09.20"]
[Round "3"]
[White "Kuemin, Simon"]
[Black "Perelshteyn, Eugene"]
[Result "0-1"]
[WhiteElo "2251"]
[BlackElo "2416"]

1.d4 Nf6 2.Nf3 g6 3.c4 Bg7 4.Nc3 O-O 5.e4 d6 6.Be2 Na6 7.O-O e5 8.Re1 Bg4
9.d5 Nc5 10.h3 Bd7 11.Bf1 a5 12.Rb1 Nh5 13.b3 f5 14.Nd2 Nf6 15.f3 Nh5 16.Ba3 b6
17.b4 axb4 18.Bxb4 Bh6 19.Bxc5 bxc5 20.Rb7 Bf4 21.Bd3 Bg3 22.Re2 Nf4 23.Nf1 Nxe2+
24.Qxe2 Bh4 25.Nb5 Bxb5 26.Rxb5 f4 27.Qc2 Ra3 28.Qe2 Qa8 29.Bb1 Rb8 30.Qb2 Rxb5
31.Qxb5 Qa5 32.Qe8+ Kg7 33.Qd7+ Kh6  0-1

[Event "Asia-ch U20"]
[Site "Vung Tau City"]
[Date "1999.09.21"]
[Round "8"]
[White "Sashikiran, Krishnan"]
[Black "Mas, Hafizulhelmi"]
[Result "0-1"]
[WhiteElo "2536"]
[BlackElo "2426"]

1.d4 Nf6 2.c4 g6 3.Nc3 Bg7 4.e4 d6 5.Nf3 O-O 6.Be2 e5 7.Be3 Ng4 8.Bg5 f6
9.Bh4 Qe8 10.O-O Nc6 11.d5 Ne7 12.Nd2 h5 13.h3 Nh6 14.Rc1 c5 15.dxc6 bxc6
16.b4 Be6 17.Nb3 Rd8 18.Na5 d5 19.Nb7 Rb8 20.Nc5 Bf7 21.Na6 Rc8 22.cxd5 cxd5
23.exd5 Qd8 24.d6 Nef5 25.d7 Rc6 26.Qa4 Rd6 27.Ne4 Rd4 28.Rc8 Qb6 29.Rc6 Rxe4
30.Rxb6 axb6 31.Rd1 Nd4 32.Bd3 Rxh4 33.g3 Rxh3 34.Bf1 Nf3+ 35.Kg2 Rh2+ 36.Kxf3 Ng4
37.Bg2 e4+ 38.Kxe4 f5+ 39.Kf3 Ne5+ 40.Ke3 Rxg2 41.Rd4 Ng4+ 42.Rxg4 fxg4 43.Qc6 Bh6+
44.Ke2 Rxf2+ 45.Ke1 Bd2+ 46.Kd1 Bg5 47.Nc7 Rf6 48.Qb5 Rd6+ 49.Ke1 Bd8 50.Ne8 Re6+
51.Kd2 Bxe8 52.dxe8=Q Rfxe8  0-1

[Event "Popel mem 2nd"]
[Site "Lvov"]
[Date "1999.09.23"]
[Round "2"]
[White "Polajzer, Danilo"]
[Black "Popovych, Orest"]
[Result "0-1"]
[WhiteElo "2399"]
[BlackElo "2270"]

1.Nf3 Nf6 2.c4 g6 3.Nc3 Bg7 4.e4 d6 5.d4 O-O 6.Be2 Nbd7 7.O-O e5 8.Qc2 c6
9.Rd1 Qc7 10.dxe5 dxe5 11.Na4 b6 12.h3 Re8 13.Be3 Bf8 14.a3 Nc5 15.Nc3 a5
16.b4 axb4 17.axb4 Rxa1 18.Rxa1 Na6 19.b5 cxb5 20.Nxb5 Qb8 21.Nc3 Nc5 22.Nd5 Nxd5
23.cxd5 f5 24.Bb5 Re7 25.Bxc5 bxc5 26.Bc6 Ra7 27.Rb1 Qc7 28.Nd2 f4 29.Nc4 f3
30.Qb3 fxg2 31.d6 Qf7 32.Bd5 Be6 33.Nxe5 Bxd5 34.exd5 Qf5 35.d7 c4 36.Qb8 Qxh3  0-1

[Event "Popel mem 2nd"]
[Site "Lvov"]
[Date "1999.09.25"]
[Round "4"]
[White "Zheliandinov, Viktor"]
[Black "Popovych, Orest"]
[Result "1-0"]
[WhiteElo "2411"]
[BlackElo "2270"]

1.d4 Nf6 2.c4 g6 3.Nc3 Bg7 4.e4 d6 5.Nf3 O-O 6.Be2 Nbd7 7.O-O e5 8.Qc2 c6
9.Rd1 Qc7 10.Rb1 a5 11.h3 Re8 12.Bg5 exd4 13.Nxd4 Nc5 14.Bf3 Nfd7 15.Be3 Ne5
16.Be2 Qe7 17.Nb3 f5 18.Nxc5 dxc5 19.Na4 fxe4 20.Bxc5 Qg5 21.Be3 Qh4 22.Nb6 Nf3+
23.gxf3 exf3 24.Bxf3 Bxh3 25.Qd2 Rxe3 26.Qxe3 Bh6 27.Rd4 Qf6 28.Qxh6 Qxf3
29.Qg5  1-0

[Event "Wch U20"]
[Site "Yerevan"]
[Date "1999.09.26"]
[Round "9"]
[White "Halkias, Stelios"]
[Black "Vajda, Levente"]
[Result "1-0"]
[WhiteElo "2406"]
[BlackElo "2462"]

1.Nf3 Nf6 2.c4 g6 3.Nc3 Bg7 4.e4 d6 5.d4 O-O 6.Be2 e5 7.Be3 Na6 8.O-O Ng4
9.Bg5 Qe8 10.dxe5 dxe5 11.Nd2 h6 12.Bh4 Nf6 13.Nd5 g5 14.Bg3 c6 15.Ne3 Nc5
16.Qc2 a5 17.Rfe1 Qe7 18.Rad1 Rd8 19.f3 Nh5 20.Bf2 Nf4 21.Ndf1 Be6 22.Ng3 Bf8
23.Bf1 Qc7 24.Ngf5 Na6 25.g3 Nh5 26.Ng4 Kh7 27.Kg2 Nb4 28.Qb1 c5 29.a3 Nc6
30.Rd5 b6 31.Be2 f6 32.h4 Bf7 33.hxg5 fxg5 34.Rh1 Bg7 35.Rh2 Bg6 36.Qh1 Qf7
37.Bd3 Rxd5 38.cxd5 Nd4 39.Bxd4 cxd4 40.Qc1 Bxf5 41.exf5 Nf6 42.Qc6 Re8 43.Rxh6+  1-0

[Event "Wch U20"]
[Site "Yerevan"]
[Date "1999.09.28"]
[Round "11"]
[White "Lopez Martinez, Jose Manuel"]
[Black "Svetushkin, Dmitry"]
[Result "1-0"]
[WhiteElo "2378"]
[BlackElo "2486"]

1.d4 g6 2.c4 Bg7 3.Nf3 Nf6 4.Nc3 O-O 5.e4 d6 6.Be2 Nbd7 7.O-O e5 8.Be3 Re8
9.d5 Nc5 10.Nd2 a5 11.a3 Bd7 12.b4 axb4 13.axb4 Rxa1 14.Qxa1 Na6 15.Qa3 Ng4
16.Bxg4 Bxg4 17.c5 Bc8 18.Nc4 Bf8 19.Qa5 f5 20.f3 f4 21.Bf2 g5 22.cxd6 Bxd6
23.Rb1 g4 24.fxg4 Bxg4 25.Nxd6 Qxd6 26.b5 Nb8 27.b6 c6 28.dxc6 Nxc6 29.Qd5+ Qe6
30.h3 Rd8 31.Qxe6+ Bxe6 32.Na4 Ra8 33.Nc5 Bc8 34.Rd1 Ra2 35.Rd5 Ra1+ 36.Kh2 Ra2
37.Kg1 Ra1+ 38.Kh2 Rf1 39.Rd2 Ra1 40.Nd3 Kf7 41.Rc2 Ra5 42.Rb2 Ra3 43.Nc5 Rc3
44.Ra2 Nd4 45.Nxb7 Bxb7 46.Ra7 Rc2 47.Rxb7+ Ke6 48.Bxd4 exd4 49.Rb8 Rb2 50.b7 Kd6
51.Rd8+ Kc7 52.b8=Q+ Rxb8 53.Rxd4 Rf8 54.Rd3 Re8 55.Kg1 Rxe4 56.Kf2 Kc6 57.Kf3 Ra4
58.Rd8 Kc7 59.Rf8 Kd6 60.Rxf4 Ra3+ 61.Kg4 Ke6 62.Kh5 Ke5 63.Rf2 Ra6 64.Rf7 h6
65.g4 Ra3 66.h4 Ra6 67.Rf1 Rb6 68.g5 hxg5 69.hxg5 Rb2 70.Kh6 Ke6 71.g6 Ke7
72.Kh7 Rh2+ 73.Kg8 Re2 74.g7 Re3 75.Rf4 Re2 76.Rh4 Kf6 77.Kh8  1-0

[Event "Najdorf mem op"]
[Site "Buenos Aires"]
[Date "1999.09.30"]
[Round "9"]
[White "Bielicki, Carlos"]
[Black "Llanos, Guillermo"]
[Result "0-1"]
[WhiteElo "2283"]
[BlackElo "2437"]

1.d4 Nf6 2.c4 g6 3.Nc3 Bg7 4.Nf3 O-O 5.e4 d6 6.Be2 e5 7.d5 Na6 8.Bg5 h6 9.Bh4 g5
10.Bg3 Nh5 11.h4 g4 12.Nh2 Nf4 13.Nxg4 Nxg2+ 14.Kf1 Nf4 15.Ne3 Nxe2 16.Qxe2 f5
17.Nxf5 Bxf5 18.exf5 Rxf5 19.Ne4 Qd7 20.Rd1 Raf8 21.Kg2 b6 22.Nc3 Qf7 23.a3 Nc5
24.Nb5 a6 25.Na7 Qg6 26.Kh3 Rf3 27.Rhg1 Ne4 28.Rdf1 R8f4 29.Kh2 Qf5 30.Nc6 Kf8
31.Kg2 Bf6 32.Nb4 Qg4  0-1

[Event "Wch U20"]
[Site "Yerevan"]
[Date "1999.09.30"]
[Round "13"]
[White "Halkias, Stelios"]
[Black "Matikozian, Andranik"]
[Result "1-0"]
[WhiteElo "2406"]
[BlackElo "2427"]

1.d4 Nf6 2.c4 g6 3.Nc3 Bg7 4.e4 d6 5.Nf3 O-O 6.Be2 e5 7.Be3 exd4 8.Nxd4 Re8
9.f3 Nc6 10.O-O Nh5 11.Nd5 f5 12.Nb5 f4 13.Bf2 Qg5 14.Ndxc7 Re5 15.Re1 Ng3
16.Bd3 Qh4 17.Bxg3 fxg3 18.h3 Bxh3 19.gxh3 Rxb5 20.Nxb5 Qxh3 21.Qd2 Nd4 22.Qg2 Nxf3+
23.Kf1 Nh2+ 24.Kg1 Nf3+ 25.Kf1 Qg4 26.e5 Nh2+ 27.Kg1 Nf3+ 28.Kf1 Nh4 29.Qd5+ Kh8
30.Be4 Rf8+ 31.Kg1 Rf2 32.Nxd6 h6 33.Qxb7 Bxe5 34.Qb8+ Kh7 35.Qc7+ Bg7 36.Ne8 Nf5
37.Nf6+  1-0

[Event "Tatry op"]
[Site "Tatranska Lomnica"]
[Date "1999.10.04"]
[Round "3"]
[White "Rabara, Frantisek"]
[Black "Karnik, Pavel"]
[Result "0-1"]
[WhiteElo "2016"]
[BlackElo "2275"]

1.d4 Nf6 2.c4 g6 3.Nc3 Bg7 4.e4 d6 5.Nf3 O-O 6.Be2 e5 7.dxe5 dxe5 8.Qxd8 Rxd8
9.Nxe5 Nxe4 10.Nxe4 Bxe5 11.Bg5 Rd4 12.Nc5 Nc6 13.O-O Rd6 14.Nd3 Bg7 15.Rfd1 Nd4
16.Bf1 Bg4 17.f3 Bxf3 18.Rd2 Ne6 19.Be3 Be4 20.Kf2 Rad8 21.Rad1 b6 22.Ke1 Bxd3
23.Bxd3 Bxb2 24.Ke2 Bd4 25.Be4 Bxe3 26.Rxd6 Rxd6 27.Rxd6 cxd6 28.Kxe3 f5
29.Bd5 Kf7 30.a3 Kf6 31.g3 Ke5 32.Kf3 Nd4+ 33.Kf2 h6 34.h3 g5 35.a4 f4 36.g4 Nc2
37.Kf3 Kd4 38.h4 Ne3 39.hxg5 hxg5  0-1

[Event "Tatry op"]
[Site "Tatranska Lomnica"]
[Date "1999.10.05"]
[Round "4"]
[White "Harasta, Vladimir"]
[Black "Rabara, Frantisek"]
[Result "1-0"]
[WhiteElo "2190"]
[BlackElo "2016"]

1.c4 Nf6 2.Nc3 g6 3.e4 d6 4.d4 Bg7 5.Nf3 O-O 6.Be2 e5 7.O-O Nbd7 8.Re1 exd4
9.Nxd4 Re8 10.Bf1 Nc5 11.f3 c6 12.Nc2 a6 13.Be3 b5 14.Qd2 b4 15.Nxb4 Qc7
16.Rad1 a5 17.Nd3 Ne6 18.Nf4 Bf8 19.b3 Rd8 20.Qf2 Rb8 21.Na4 Nd7 22.Rd2 d5
23.Nxe6 fxe6 24.Red1 Bb4 25.Rc2 dxe4 26.fxe4 Qe5 27.Bf4 Rf8 28.Bxe5 Rxf2
29.Rxf2 Nxe5 30.Rd8+ Kg7 31.c5 Nf7 32.Re8 Be1 33.Rf3 Bh4 34.Nb6 Bf6 35.Rxc8 Rxc8
36.Nxc8 Bd4+ 37.Kh1 Bxc5 38.Rc3 Bd4 39.Rxc6  1-0

[Event "World Cities-ch 2nd"]
[Site "Shenyang"]
[Date "1999.10.06"]
[Round "5"]
[White "Relange, Eloi"]
[Black "Kotsur, Pavel"]
[Result "1/2-1/2"]
[WhiteElo "2452"]
[BlackElo "2548"]

1.d4 Nf6 2.Nf3 g6 3.c4 Bg7 4.Nc3 O-O 5.e4 d6 6.Be2 e5 7.O-O Na6 8.Be3 Ng4
9.Bg5 Qe8 10.dxe5 dxe5 11.h3 h6 12.Bd2 Nf6 13.Be3 Qe7 14.Nd5 Qd8 15.Qc2 Nd7
16.Rfd1 c6 17.Nc3 Qe7 18.Qd2 Kh7 19.Qd6 Qxd6 20.Rxd6 Re8 21.Rad1 Nf8 22.c5 Nc7
23.b4 Nfe6 24.Bc4 f6 25.b5 cxb5 26.Nxb5 Nxb5 27.Bxb5 Re7  1/2-1/2

[Event "Tatry op"]
[Site "Tatranska Lomnica"]
[Date "1999.10.06"]
[Round "5"]
[White "Kasanicky, Richard"]
[Black "Karlik, Vladimir"]
[Result "1/2-1/2"]
[WhiteElo "2193"]
[BlackElo "2324"]

1.c4 Nf6 2.Nc3 g6 3.e4 d6 4.d4 Bg7 5.Nf3 O-O 6.Be2 e5 7.dxe5 dxe5 8.Qxd8 Rxd8
9.Bg5 Na6 10.Nd5 Rd6 11.Bxf6 Bxf6 12.O-O-O Bg4 13.a3 Bxf3 14.Bxf3 Bg5+ 15.Kc2 c6
16.Nb4 Rxd1  1/2-1/2

[Event "Tatry op"]
[Site "Tatranska Lomnica"]
[Date "1999.10.06"]
[Round "5"]
[White "Likavsky, Tomas"]
[Black "Salai, Ladislav"]
[Result "0-1"]
[WhiteElo "2366"]
[BlackElo "2409"]

1.d4 Nf6 2.c4 g6 3.Nc3 Bg7 4.e4 d6 5.Nf3 O-O 6.Be2 e5 7.d5 a5 8.Bg5 h6 9.Bh4 Na6
10.Nd2 Qe8 11.O-O Bd7 12.b3 h5 13.Bg5 Nh7 14.Be3 Qe7 15.Rc1 Bf6 16.a3 Bg5
17.f4 exf4 18.Bxf4 Bxf4 19.Rxf4 Nc5 20.Qf1 Qe5 21.Rf2 Ng5 22.Bd3 Qd4 23.Bb1 f5
24.exf5 Bxf5 25.Nb5 Qg4 26.Kh1 Bxb1 27.Rxb1 Nce4 28.Nxe4 Nxe4 29.Rxf8+ Rxf8
30.Qe1 Rf2 31.Qg1 Qh4 32.h3 Ng3+ 33.Kh2 Ne2  0-1

[Event "SLO-ch (Women)"]
[Site "Kranj"]
[Date "1999.10.07"]
[Round "6"]
[White "Orel, Simona"]
[Black "Srebrnic, Ana"]
[Result "0-1"]
[WhiteElo "2025"]
[BlackElo "2161"]

1.d4 d6 2.Nf3 g6 3.c4 Bg7 4.e4 Nf6 5.Nc3 O-O 6.Be2 e5 7.d5 a5 8.Be3 Ng4 9.Bg5 f6
10.Bc1 Na6 11.O-O f5 12.Ne1 Nf6 13.f3 f4 14.Nd3 g5 15.Bd2 h5 16.Be1 Bh6 17.Bf2 g4
18.g3 Rf7 19.Kg2 Rg7 20.Rg1 h4 21.Kf1 gxf3 22.Bxf3 Ng4 23.Bxg4 Bxg4 24.Qc2 fxg3
25.hxg3 Nb4 26.Nxb4 axb4 27.Nd1 Qf6 28.Ke1 hxg3 29.Rxg3 Bf4 30.Rg1 Qh6 31.a4 Bf3
32.Rxg7+ Kxg7 33.Qd3 Bd2+  0-1

[Event "World Cities-ch 2nd"]
[Site "Shenyang"]
[Date "1999.10.07"]
[Round "7"]
[White "Relange, Eloi"]
[Black "Peng Xiaomin"]
[Result "1/2-1/2"]
[WhiteElo "2452"]
[BlackElo "2574"]

1.Nf3 Nf6 2.c4 g6 3.Nc3 Bg7 4.e4 d6 5.d4 O-O 6.Be2 e5 7.O-O Nbd7 8.Be3 Ng4
9.Bg5 f6 10.Bh4 Nh6 11.dxe5 dxe5 12.Qc2 c6 13.Rad1 Qe7 14.a3 Nc5 15.b4 Ne6
16.c5 Nf7 17.Nd2 Nd4 18.Qb2 Be6 19.Bc4 Rad8 20.Qa2 Bxc4 21.Nxc4 Rd7 22.Ne2 Qe6
23.Nxd4 exd4 24.f4 d3 25.Qb3 Rd4 26.Nd2 Rxe4 27.Qxd3 Re3 28.Qc4 Qg4 29.Bf2 Rxa3
30.Ne4 Rf3 31.f5 Kh8 32.Rd4 Ne5 33.Qc1 Rxf5 34.Ng3 Rxf2 35.Rxg4 Rxf1+ 36.Qxf1 Nxg4
37.h3 Ne5 38.Qf4  1/2-1/2

[Event "Tatry op"]
[Site "Tatranska Lomnica"]
[Date "1999.10.07"]
[Round "6"]
[White "Skreno, Vladimir"]
[Black "Sejkora, Vlastimil"]
[Result "0-1"]
[WhiteElo "2165"]
[BlackElo "2286"]

1.d4 Nf6 2.Nf3 g6 3.c4 Bg7 4.Nc3 d6 5.e4 O-O 6.Be2 Nbd7 7.O-O e5 8.d5 Nc5
9.Qc2 a5 10.Ne1 Nfd7 11.f3 f5 12.Be3 b6 13.b3 Nf6 14.Nd3 Nh5 15.Nxc5 bxc5
16.g4 Nf4 17.Bxf4 exf4 18.exf5 gxf5 19.g5 Qxg5+ 20.Kh1 Bd7 21.Bd3 Kh8 22.Rae1 Rg8
23.Nb5 Bxb5 24.cxb5 Raf8 25.Re2 Bd4 26.Rg2 Qh5 27.Rxg8+ Rxg8 28.Qb1 Qg5  0-1

[Event "Tatry op"]
[Site "Tatranska Lomnica"]
[Date "1999.10.07"]
[Round "6"]
[White "Priehoda, Vitezslav"]
[Black "Dobrovolsky, Ladislav"]
[Result "1-0"]
[WhiteElo "2369"]
[BlackElo "2396"]

1.d4 Nf6 2.c4 d6 3.Nc3 Nbd7 4.e4 e5 5.Nf3 g6 6.Be2 Bg7 7.O-O O-O 8.Qc2 c6
9.Rd1 Re8 10.d5 Qc7 11.Be3 Ng4 12.Bd2 a6 13.Ne1 h5 14.h3 Ngf6 15.dxc6 bxc6
16.Be3 Nc5 17.Rd2 Ne6 18.Qd1 c5 19.Nd3 Rb8 20.Bf1 Nd4 21.Rc1 Bb7 22.f3 Bc6
23.Nd5 Qa5 24.b3 Nh7 25.Rb2 f5 26.Nf2 Qd8 27.Rcb1 Ng5 28.b4 Bh6 29.Bd2 Rf8
30.bxc5 Rxb2 31.Rxb2 dxc5 32.Kh1 Kh7 33.Bd3 Nge6 34.Bxh6 Kxh6 35.Qe1 Qg5
36.exf5 gxf5 37.Rb6 Rg8 38.Bf1 e4 39.fxe4 f4 40.Nd3 h4 41.Qf2 Rf8 42.Nxc5 Rc8
43.Nxe6 Nxe6 44.Be2 f3 45.Bxf3 Qc1+ 46.Kh2 Bxd5 47.cxd5  1-0

[Event "Budapest FS10 GM"]
[Site "Budapest"]
[Date "1999.10.08"]
[Round "7"]
[White "Lengyel, Levente"]
[Black "Rajlich, Vasik G"]
[Result "1/2-1/2"]
[WhiteElo "2312"]
[BlackElo "2297"]

1.d4 Nf6 2.Nf3 g6 3.c4 Bg7 4.Nc3 O-O 5.e4 d6 6.Be2 e5 7.dxe5 dxe5 8.Qxd8 Rxd8
9.Bg5 c6 10.Nxe5 Re8 11.O-O-O Na6 12.Rd6 Nh5 13.Nf3 Nc5 14.Be3 Bxc3 15.Bxc5 Bg7
16.Be3 Bf8 17.Rdd1 Rxe4 18.Ng5 Re8 19.Bf3 Nf6 20.Bd4 Bg7 21.Rhe1 Bf5 22.Rxe8+ Rxe8
23.Bxa7 h6 24.Nh3 g5 25.Ng1 g4 26.Be2 Ra8 27.Bd4 Rxa2 28.f3 h5 29.Kd2 gxf3
30.gxf3 Nd7 31.Bxg7 Kxg7 32.Kc3 Nc5 33.Rd2 Ra1 34.Rd1 Ra2 35.Rd2 Ra1 36.Rd1 Ra8
37.Kd4 b6 38.Ke5 Be6 39.Kd6 Ra2 40.b4 Na4 41.Kxc6 Rc2 42.Ra1 Bxc4 43.Bxc4 Rxc4+
44.Kb5 Nb2 45.Rb1 Rc2 46.h4  1/2-1/2